000 00645nam a22002177a 4500
005 20170124110222.0
010 _aB-130155
020 _c00.00
_a8174873139
035 _aB-130155
037 _bCen Lib/Ret
040 _aDPL
_bEN
082 _a510.3
_bPRA
100 _aPrakash, P.
_940043
245 _aDictionary of mathematics /
_cby P. Prakash
260 _aNew Delhi
_bRadha Publications
_c2003
270 _bNew Delhi
_a4378/4B, Ansari Road, Darya Ganj
_e110002
300 _a364p. :
_c22cm(Hb)
_bill.
650 _aMathematics
_98937
650 _aMathematics -- Dictionaries
_921896
942 _2ddc
_cEN
_h510.3
_mPRA
999 _c134195
_d134195